Cam Jansen and the mystery of the stolen diamonds / (Record no. 803)

MARC details
000 -LEADER
fixed length control field 00982nam a22002897a 4500
005 - DATE AND TIME OF LATEST TRANSACTION
control field 20230710103140.0
020 ## - INTERNATIONAL STANDARD BOOK NUMBER
International Standard Book Number 0670200395
040 ## - CATALOGING SOURCE
Original cataloging agency DLC
Transcribing agency DLC
Modifying agency DLC
Language of cataloging eng
050 00 - LIBRARY OF CONGRESS CALL NUMBER
Classification number PZ7.A2615
Item number Cam 1980
082 00 - DEWEY DECIMAL CLASSIFICATION NUMBER
Classification number [Fic]
100 1# - MAIN ENTRY--PERSONAL NAME
Personal name Adler, David A.
245 10 - TITLE STATEMENT
Title Cam Jansen and the mystery of the stolen diamonds /
Statement of responsibility, etc. Adler, David A. ; illustrated by Natti, Susanna .
250 ## - EDITION STATEMENT
Edition statement 1st ed.
260 ## - PUBLICATION, DISTRIBUTION, ETC.
Place of publication, distribution, etc. New York :
Name of publisher, distributor, etc. Scholastic,
Date of publication, distribution, etc. 1980.
300 ## - PHYSICAL DESCRIPTION
Extent 58 pages :
Other physical details illustrations ;
Dimensions 20 cm.
490 1# - SERIES STATEMENT
Series statement Cam Jansen adventure ;
Volume/sequential designation Book 1
505 ## - FORMATTED CONTENTS NOTE
Formatted contents note N<br/>
520 ## - SUMMARY, ETC.
Summary, etc. A fifth-grader with a photographic memory and her friend Eric help solve the mystery of the stolen diamonds.
521 ## - TARGET AUDIENCE NOTE
Target audience note 590 <br/>
Source Lexile <br/>
521 ## - TARGET AUDIENCE NOTE
Target audience note N
Source Raz-Plus <br/>
650 #1 - SUBJECT ADDED ENTRY--TOPICAL TERM
Topical term or geographic name entry element Mystery and detective stories.
700 1# - ADDED ENTRY--PERSONAL NAME
Personal name Natti, Susanna.
Titles and other words associated with a name illustrator.
906 ## - LOCAL DATA ELEMENT F, LDF (RLIN)
a 7
b cbc
c orignew
d 1
e ocip
f 19
g y-gencatlg
942 ## - ADDED ENTRY ELEMENTS (KOHA)
Source of classification or shelving scheme Dewey Decimal Classification
Koha item type Books
Suppress in OPAC No
999 ## -
-- 803
-- 803
Holdings
Withdrawn status Lost status Source of classification or shelving scheme Damaged status Not for loan Collection Home library Current library Shelving location Date acquired Total Checkouts Full call number Barcode Date last seen Date last checked out Price effective from Koha item type
    Dewey Decimal Classification     Fiction Footprints International School Library Network Toul Kork Campus Footprints International School Library Network Toul Kork Campus TK Primary Library Room(4th Floor), Bookcase 3&4, Shelves 17-32, Yellow Books 07/10/2023 1 ADL Fic 813.54 PZ7.A2615 2023-0122 10/23/2023 08/14/2023 07/10/2023 Books